000 00360nam a2200169Ia 4500
008 210210b1667 xxu||||| |||| 00| 0 eng d
041 _aeng
082 _a444/499
100 _aMOLIERE
245 _aTheatre complet V-VI
260 _aParis
_b-
_c1667
650 _aV-VI
650 _aTheatre
650 _acomplet
690 _aFrench
906 _a006693
999 _c129683
_d129683